| 000 | 01135nas a2200337 c 4500 | ||
|---|---|---|---|
| 001 | 25169 | ||
| 003 | ES-MaCES | ||
| 005 | 20160415200832.0 | ||
| 007 | cr ||||||||||| | ||
| 008 | 931207u1900 fr m| | |fre d | ||
| 022 | 1 | _a0013-0567 | |
| 035 |
_aCES19980001494p _z10151 |
||
| 040 |
_aES-MaCES _bspa _cES-MaCES |
||
| 245 | 0 | 0 |
_aEconomies et sociétés _b: cahiers de l'ISMEA |
| 260 |
_aGrenoble (B.P. 47, 38040) _bPresses universitaires de Grenoble |
||
| 300 |
_av. _c22 cm |
||
| 310 | _aMensual | ||
| 500 | _aDescripción basada en: t. 27, 1993, nº 6 (juin) | ||
| 500 | _aLa revista se subdivide en 16 series temáticas | ||
| 541 | _cCompra | ||
| 592 | _aCancelada | ||
| 650 | 4 |
_aeconomía _926781 |
|
| 653 | 1 | 0 | _aEconomía |
| 710 | 2 |
_aInstitut de Sciences Mathématiques et economiques appliquées _94080 |
|
| 853 | 2 | 1 |
_at. _bnº _iannée _jmes _vr _wm |
| 856 | 4 |
_uhttp://www.ismea.org/ISMEA/ecosoc.html _ytabla de contenidos |
|
| 866 | 0 |
_a1993-2011 (2012). _zUbicación: DEPÓSITO - 10151 |
|
| 905 |
_1Boletín A _fP _kSÍ _nEcoesESoc _p+ |
||
| 942 |
_2CES _cCR _h0.0. |
||
| 999 |
_c25169 _d25169 |
||